000 01787cam a2200433 a 4500
003 CHAP
005 20220817043928.0
008 040304d2002 mx a r 10100 spa d
010 _a88125
011 _a89097
020 _a9702702399
035 _a99646
040 _cCHAP
082 0 4 _a638.5752
_bC6 2002
111 0 0 _aCongreso Internacional de Grana Cochinilla y Colorantes Naturales (
_n2 :
_d2002 :
_cGuadalajara, Jal.)
_926754
245 1 0 _aMemorias
_c/ed. por Liberato Portillo Martínez y Ana Lilia Vigueras Guzmán
260 _aGuadalajara, Jal. :
_bUniversidad de Guadalajara. Departamento de Botánica y Zoología,
_c2002.
300 _a156 p. :
_bilus. ; gráfs.
590 _aBATCH-UPD
_b10
_c20130110
_lUCH01
_h0601
590 _aBATCH-UPD
_b10
_c20130110
_lUCH01
_h2356
590 _aBATCH-UPD
_b10
_c20130410
_lUCH01
_h0243
590 _aBATCH-UPD
_b10
_c20130410
_lUCH01
_h1642
590 _aBATCH-UPD
_b10
_c20130914
_lUCH01
_h0954
590 _aBATCH-UPD
_b10
_c20150728
_lUCH01
_h1002
590 _aBATCH-UPD
_b10
_c20150728
_lUCH01
_h1142
590 _aCONVERSION
_b10
_c20130109
_lUCH01
_h1349
650 1 4 _aCochinilla del nopal.
_924209
650 1 4 _aPigmentos animales.
_988056
700 1 0 _aPortillo Martínez, Liberato
_eed.
_991001
700 1 0 _aVigueras Guzmán, Ana Lilia
_eed.
_9119326
710 0 0 _aFAO.
711 0 0 _aReunión Internacional del Grupo de Trabajo en Cochinilla Cactusnet FAO-ONU (
_n2 :
_d2002 :
_cGuadalajara, Jal.)
_996395
901 _aBK
905 _aAlejandra Carrasco M.
942 _cLIBRO
949 _a638.5752 C6 2002
_bBC
_cCONG
_d996461
_eCONG
_h104490
_i99646
_sb
949 _a638.5752 C6 2002
_bBC
_cLIBRO
_d33724002000280
_eLIBRO
_fc.3
_h108358
_i99646
_sb
949 _a638.5752 C6 2002
_bBC
_cLIBRO
_d33724002000322
_eLIBRO
_fc.2
_h108357
_i99646
_si
999 _c88125
_d88125